000 01021nam a22002177a 4500
999 _c58990
_d58990
003 Ge_BSU
005 20221027153822.0
008 221027s1997 ge ||||| |||| 00| 0 geo d
041 _ageo
080 _a336(479.22) მ-19
100 _aგამსახურდია, გივი
_915599
245 _aფინანსების როლი საქართველოს გარდამავალ ეკონომიკაში /
_c გივი გამსახურდია ; [რედ. შოთა ქისტაური].
264 _aთბილისი :
_bმერიდიანი,
_c1997.
300 _a218 გვ. ;
_b20 სმ.
500 _aშენიშვნ. და გვ. 208-212.
504 _aბიბლიოგრ. ტექსტ
520 _aრეზ. ინგლ.
653 _aსაქართველოს ფინანსები
700 _aქისტაური, შოთა
_eრედაქტორი
_915600
942 _2udc
_cBK